Đợi chờ = The Russian House = La Maison Rusie

Sparad:
Bibliografiska uppgifter
Huvudupphovsman: Carre, John le
Materialtyp: Bok
Språk:Undetermined
Publicerad: Hà Nội Văn hóa thông tin 2005
Ämnen:
Taggar: Lägg till en tagg
Inga taggar, Lägg till första taggen!
Thư viện lưu trữ: Trung tâm Học liệu Trường Đại học Cần Thơ
LEADER 00614nam a2200217Ia 4500
001 CTU_100895
008 210402s9999 xx 000 0 und d
020 |c 44000 
082 |a 823.91 
082 |b C314 
100 |a Carre, John le 
245 0 |a Đợi chờ = 
245 4 |b The Russian House = La Maison Rusie 
245 0 |c John le Carre; Văn Hòa, Nhất Anh dịch 
260 |a Hà Nội 
260 |b Văn hóa thông tin 
260 |c 2005 
650 |a Detective and mystery stories 
650 |z English 
904 |i Truc 
980 |a Trung tâm Học liệu Trường Đại học Cần Thơ